Inter Squad 1964-1965 - Statistics

General Stats
  • This quiz has been taken 4 times
  • The average score is 7 of 23
Answer Stats
Position Nation Player % Correct
FW Italy Sandro Mazzola
100%
DF Italy Giacinto Facchetti
67%
GK Italy Giuliano Sarti
67%
Coach Argentina Helenio Herrera
67%
FW Brazil Jair
67%
MF Spain Luis Suárez
67%
FW Italy Mario Corso
67%
DF Italy Tarcisio Burgnich
67%
FW Italy Aurelio Milani
33%
MF Italy Carlo Tagnin
33%
MF Italy Gianfranco Bedin
33%
FW Spain Joaquín Peiró
33%
DF Italy Saul Malatrasi
33%
FW Italy Angelo Domenghini
0%
DF Italy Aristide Guarneri
0%
DF Italy Armando Picchi
0%
FW Italy Francesco Canella
0%
DF Italy Giorgio Dellagiovanna
0%
GK Italy Giovanni Ferretti
0%
GK Italy Ottavio Bugatti
0%
GK Italy Rosario Di Vincenzo
0%
FW Italy Sergio Gori
0%
DF Italy Spartaco Landini
0%
No matching quizzes found
Score Distribution
Percent of People with Each Score
Percentile by Number Answered
Your Score History
You have not taken this quiz